Nuevo arte de pensar
Guardat en:
| Autor principal: | |
|---|---|
| Format: | Llibre |
| Idioma: | espanyol |
| Publicat: |
Buenos Aires
Paulinas
1956
|
| Matèries: | |
| Etiquetes: |
Afegir etiqueta
Sense etiquetes, Sigues el primer a etiquetar aquest registre!
|
MARC
| LEADER | 00000nam a2200000 a 4500 | ||
|---|---|---|---|
| 001 | UCY8266 | ||
| 003 | CL-VaPUC | ||
| 008 | 950703e19560000AG |||||||||||||||||spa|d | ||
| 082 | 0 | 4 | |a 121 |b GUI |2 21 |
| 100 | |a Guitton, Jean |e author |9 597295 | ||
| 245 | 1 | 0 | |a Nuevo arte de pensar |
| 300 | |a 185 p | ||
| 942 | |c BK | ||
| 945 | |d 19950703 00:00:00 |a rbrito | ||
| 260 | |a Buenos Aires |b Paulinas |c 1956 | ||
| 650 | 0 | |a Pensamiento |9 307612 | |
| 650 | 7 | |a DESARROLLO DE LOS PROCESOS MENTALES |2 CL-VaPUC |9 334692 | |
| 650 | 0 | |a Razonamiento |9 256520 | |
| 650 | 0 | |a Cognición |9 270347 | |
| 583 | |a last modification |c 19950703 00:00:00 |k Rodrigo Vera | ||
| 999 | |c 235540 |d 235538 | ||
| 952 | |0 0 |1 0 |4 0 |6 121_000000000000000_GUI_1956 |7 0 |8 A |9 243040 |a BIBEDU |b BIBEDU |c ES_NOD |d 2019-11-18 |i 3097951 |o 121 GUI 1956 |p 3097951 |r 2023-08-09 |w 2019-11-18 |y BK |k FIL | ||